Pueblos originarios y sociedad nacional en Chile: la interculturalidad en las prácticas sociales
Uloženo v:
| Hlavní autor: | |
|---|---|
| Médium: | Kniha |
| Jazyk: | španělština |
| Vydáno: |
Santiago
PNUD
2013
|
| Vydání: | 1a. ed |
| Témata: | |
| Tagy: |
Přidat tag
Žádné tagy, Buďte první, kdo vytvoří štítek k tomuto záznamu!
|
MARC
| LEADER | 00000cam a2200000 a 4500 | ||
|---|---|---|---|
| 001 | UCE4171 | ||
| 003 | CL-VaPUC | ||
| 008 | 141016e20130800cl |||||||||||||||||spa|d | ||
| 020 | |a 9789567469475 | ||
| 082 | 0 | 4 | |a 306.4 |b DUR |2 21 |
| 100 | 0 | |a Durston, John |e author |9 576773 | |
| 245 | 1 | 0 | |a Pueblos originarios y sociedad nacional en Chile: la interculturalidad en las prácticas sociales |
| 250 | |a 1a. ed | ||
| 300 | |a 331 p | ||
| 942 | |c BK | ||
| 945 | |d 20141016 12:02:00 |a dcastane | ||
| 260 | |a Santiago |b PNUD |c 2013 | ||
| 650 | 0 | |a Identidad cultural |9 319131 | |
| 650 | 0 | |a Antropología cultural y social |9 265143 | |
| 650 | 0 | |a Interculturalidad |9 493451 | |
| 650 | 0 | |a Integración social |9 319662 | |
| 583 | |a last modification |c 20141016 12:02:00 |k Rodrigo Vera | ||
| 999 | |c 357227 |d 357225 | ||
| 952 | |0 0 |1 0 |3 erb |4 0 |6 306_400000000000000_DUR_2013 |7 0 |8 A |9 465089 |a BIBGIM |b BIBGIM |i 5118530 |o 306.4 DUR 2013 |p 5118530 |r 2025-01-15 |w 2019-11-23 |y BK |z Catalogado en:20141016 |k SSL | ||
| 952 | |0 0 |1 0 |3 erb |4 0 |6 306_400000000000000_DUR_2013 |7 0 |8 A |9 465090 |a BIBHIS |b BIBHIS |i 5359678 |l 1 |o 306.4 DUR 2013 |p 5359678 |r 2025-01-20 |s 2024-07-01 |w 2019-11-23 |y BK |z Catalogado en:20170113 |k HIS | ||